LEADER 01062nam a2200229 i 4500 001 000000235672 003 CaOOAMICUS 005 20141112000000.0 008 141112s1844 it u000 u fre u 013 $a214576 040 $aSeMil$bita 100 1 $aFilon, Auguste <1800-1875>.$0(OLS)http://semarc/name/80553 245 10$aDu pouvoir spirituel dans ses rapports avec l'Etat :$bdepuis l'origine de la monarchie française jusqu'à la Révolution de 1830 /$cpar M. Filon. 260 $aParis :$bL. Hachette,$c1844. 300 $aVIII, 271 p. ;$c23 cm. 650 4$aPotere temporale e potere spirituale.$0(OLS)http://semarc/subject/12200 850 $aSeMil 852 $aSeMil$W1$xVenegono$y1$m3B III 56 FA$j186018$B186018$CSeMilBibl$Z2$F196906 $8I 941 1 $a10 961 $aRecupero: Mantegazza 996 $6245$aDu pouvoir spirituel dans ses rapports avec l'Etat :$bdepuis l'origine de la monarchie française jusqu'à la Révolution de 1830$9(OLS)http://semarc/title/335906 996 $6260$aParis :$bL. Hachette$9(OLS)http://semarc/publisher/43407 LEADER 01140nam a2200289 i 4500 001 000000085406 003 CaOOAMICUS 005 20180830145958.0 008 180830s1961 xx u000 u und u 013 $a57646 020 $a88-07- 040 $aSeMil$bita 100 1 $aAyer, Alfred Jules <1910-1989>.$0(OLS)http://semarc/name/26166 245 10$aLinguaggio verità e logica. 260 $aMilano :$bFeltrinelli,$c1961. 300 $a262 p. 490 0 $aUniversale Economica 650 4$aLogica - Filosofia.$0(OLS)http://semarc/subject/2012 650 4$aVerità.$0(OLS)http://semarc/subject/2559 650 4$aFilosofia del linguaggio.$0(OLS)http://semarc/subject/3184 700 1 $aDe Toni, Gian Antonio.$0(OLS)http://semarc/name/1422 830 0$aUniversale economica.$0(OLS)http://semarc/title/11224 850 $aSeMil 852 $aSeMil$W1$xVenegono$y1$m52 8 327 *$j49423$B49423$CSeMilBibl$Z2$F53005 $81 996 $6020$a88-07-$9(OLS)http://semarc/number/65729 996 $6245$aLinguaggio verità e logica$9(OLS)http://semarc/title/110830 996 $6260$aMilano :$bFeltrinelli$9(OLS)http://semarc/publisher/30237